Project Management Case Studies (Record no. 1678360)

MARC details
000 -LEADER
fixed length control field 00311 a2200133 4500
000 - LEADER
fixed length control field nam a22 7a 4500
005 - DATE AND TIME OF LATEST TRANSACTION
control field 20260129142739.0
020 ## - INTERNATIONAL STANDARD BOOK NUMBER
International Standard Book Number 9781394294411
100 ## - MAIN ENTRY--PERSONAL NAME
Personal name Kerzner, Harold
9 (RLIN) 1112727
245 ## - TITLE STATEMENT
Title Project Management Case Studies
250 ## - EDITION STATEMENT
Edition statement 7
260 ## - PUBLICATION, DISTRIBUTION, ETC.
Name of publisher, distributor, etc. Wiley
Date of publication, distribution, etc. 2024
942 ## - ADDED ENTRY ELEMENTS (KOHA)
Koha item type Textual
Holdings
Withdrawn status Lost status Source of classification or shelving scheme Damaged status Not for loan Home library Current library Date acquired Source of acquisition Cost, normal purchase price Total Checkouts Date last seen Cost, replacement price Price effective from Koha item type
    Colon Classification (CC)     Central Science Library Central Science Library 2026-04-06 115 5440.35   2026-04-06 6800.44 2026-04-06 Textual
Copyright @ Delhi University Library System